| 000 | 01134nmm a2200325 a 4500 | ||
|---|---|---|---|
| 001 | ocm000984848 | ||
| 003 | TR-IsHL | ||
| 005 | 20201028153834.0 | ||
| 008 | 150709s2008 tu tur | ||
| 007 | cr cn | ||
| 020 | _a9789756525432 | ||
| 035 |
_a984848 _b(N$T) |
||
| 050 | 0 | 4 |
_aPL223 _b.T36 2008 |
| 090 | 0 | 4 |
_aPL223 _b.T36 2008 |
| 100 | 1 | _aTaner, Refika | |
| 245 | 1 | 0 |
_aSeçme romanlar: yazarları, özetleri, eleştiriler, kaynaklar _h[electronic resource] / _cRefika Taner ; Asım Bezirci |
| 250 | _a2. basım | ||
| 260 |
_aİstanbul : _bEvrensel Basım Yayın, _c2008 |
||
| 300 | _a561 p. | ||
| 500 |
_aKaynakça var. _x |
||
| 650 | 4 | _aDil ve Edebiyat | |
| 650 | 4 | _aLanguage and Literature | |
| 650 | 0 |
_aTürk roman _x 20. yüzyıl _x Tarih ve eleştiri |
|
| 650 | 0 |
_aTurkish fiction _x 20th century _x History and criticism |
|
| 650 | 0 |
_aTürk romanı _x Antoloji |
|
| 650 | 0 |
_aTurkish fiction _x Anthology |
|
| 650 | 7 |
_aLITERARY CRITICISM / Middle Eastern _2bisacsh |
|
| 700 | 1 | _aBezirci, Asım | |
| 856 | 4 | 0 | _uhttp://search.ebscohost.com/login.aspx?direct=true&scope=site&db=e011xww&AN=984848 |
| 999 |
_c12259 _d12259 |
||